Statistiques concernant Plus Grandes Villes Haïti

Cliquez ici pour prendre le quiz!

Statistiques générales

  • Ce quiz a été pris 57 fois
  • Le résultat moyen est 7 sur 15

Statistiques - réponses

HintRéponse% Correct
1,234,742Port-Au-Prince
100%
254,369Cap-Haïtien
83%
137,966Jacmel
69%
97,503Jeremie
64%
89,742Gonaives
60%
125,799Les Cayes
45%
264,188Port-de-Paix
43%
442,156Carrefour
36%
283,052Petionville
36%
66,226Saint-Marc
36%
382,920Delmas 73
31%
134,190Leogane
26%
89,202Miragoane
24%
117,504Tigwav
24%
249,628Croix-des-Bouquets
19%

Distribution des résultats

Percentile par nombre de réponses

% des personnes avec chaque résultat

Votre développement - résultats

Vous n’avez pas pris ce quiz